| 000 | 00624nam a2200217Ia 4500 | ||
|---|---|---|---|
| 003 | IN-BaIIA | ||
| 008 | 211028s9999 xx 000 0 eng d | ||
| 020 | _a978-0-521-51484-2 | ||
| 040 | _cIIA Library | ||
| 080 |
_a524.8 _bNUS |
||
| 100 |
_aNussbaumer, Harry _933203 |
||
| 245 | 0 |
_aDiscovering the expanding universe _cHarry Nussbaumer and Lydia Bieri |
|
| 260 |
_aCambridge _bCambridge University Press _c2009 |
||
| 300 | _axvii, 226p. | ||
| 650 | _aBig bang | ||
| 650 |
_aEarly cosmology _933204 |
||
| 650 |
_aIsland universes _933205 |
||
| 650 |
_aRedshifts _922576 |
||
| 700 |
_aBieri, Lydia _933206 |
||
| 942 | _cBK | ||
| 999 |
_c17561 _d17561 |
||